Derecho judicial orgánico (Record no. 67934)

MARC details
000 -LEADER
campo de control de longitud fija 00671nam a2200169 i 4500
001 - NÚMERO DE CONTROL
campo de control 67934
003 - IDENTIFICADOR DE NÚMERO DE CONTROL
campo de control ES-MaACL
005 - FECHA Y HORA DE LA ÚLTIMA TRANSACCIÓN
campo de control 20230906170156.0
007 - CAMPO FIJO DE DESCRIPCIÓN FÍSICA--INFORMACIÓN GENERAL
campo de control de longitud fija t|
008 - DATOS DE LONGITUD FIJA--INFORMACIÓN GENERAL
campo de control de longitud fija 040216s1970 sp ||||1| spa d
100 1# - ENTRADA PRINCIPAL--NOMBRE DE PERSONA
Nombre de persona Gallego Martínez, Angel.
9 (RLIN) 53573
245 10 - MENCIÓN DEL TÍTULO
Título Derecho judicial orgánico
Resto del título : los principios fundamentales en que se apoya la magistratura /
Mención de responsabilidad, etc. discurso por Angel Gallego Martínez con motivo del I Centenario de la Ley Orgánica del Poder Judicial.
260 ## - PUBLICACIÓN, DISTRIBUCIÓN, ETC.
Lugar de publicación, distribución, etc. Madrid :
Nombre del editor, distribuidor, etc. Presidencia del Tribunal Supremo,
Fecha de publicación, distribución, etc. 1970.
300 ## - DESCRIPCIÓN FÍSICA
Extensión 16 p. ;
Dimensiones 24 cm.
710 1# - ENTRADA AGREGADA--NOMBRE DE ENTIDAD CORPORATIVA
Nombre de entidad corporativa o nombre de jurisdicción como elemento de entrada España.
Unidad subordinada Tribunal Supremo.
-- Presidencia.
9 (RLIN) 4006
852 ## - LOCALIZACIÓN
Ubicación ES-MaACL
Número de control de estantería 2075-F-24
Sublocalización o colección R.74891
Holdings
Estatus retirado Estado de pérdida Estado de daño No para préstamo Colección Biblioteca de origen Biblioteca actual Ubicación en estantería Fecha de adquisición Fuente de adquisición Total de préstamos Signatura topográfica completa Código de barras Visto por última vez Precio de reemplazo Tipo de ítem Koha
        Colección de folletos Biblioteca del Ateneo de Madrid Biblioteca del Ateneo de Madrid Depósito folletos 17/01/2008     2075-F-24 1071125 23/02/2023 23/02/2023 Folleto